000 00767nam a2200265Ia 4500
003 OSt
005 20221006152020.0
006 a|||||r|||| 00| 0
007 ta
008 221006b |||||||| |||| 00| 0 jpn d
020 _c¥4600
024 _a24,225
037 _bGift, Japan Foundation
_cTextual
040 _aEASL
_cEASL
_bjpn
041 _2jpn
_ajpn
082 _aV42: 1941,(X) .N37, P2
100 _aHAGIWARA Mitsuru
_9660561
245 0 _aChugoku no keizai kensetsu to nichu kankei.
260 _aKyoto
_bMineruwa (Minerva) Shobo Japan
_c2000
300 _a278p.
_ccm.
490 _v JL
650 _aJL
942 _hV42: 1941,(X) .N37, P2
_cTEXL
_2CC
999 _c1092311
_d1092311